000 00601nam a2200229Ia 4500
003 OSt
005 20220918192453.0
006 a|||||r|||| 00| 0
007 ta
008 220917b |||||||| |||| 00| 0 eng d
024 _a68,558
037 _cTextual
040 _aARTS
_cARTS
_beng
041 _2eng
_aeng
082 _aR3z7, K9-;2 (TTR)
100 _aAyer A J
_915352
245 0 _aMetaphysics and common sense
260 _aLondon
_bMacmillan
_c1969
300 _axi,267p. illus
_ccm.
942 _hR3z7, K9-;2 (TTR)
_cTEXL
_2CC
999 _c194729
_d194729